00325nam a22001217a 45000050016000000200022000160350013000380370013000511000014000642450064000782600038001423000023001802012041902542.0 a8186471723c00.00 aA-992802 aDPLbENG aLal, K.S. aTheory and practice of Muslim state in India /cby K.S. Lal aNew DelhibAditya Prakashanc1999 axv, 394p.c22 cms.